00885nas a2200277 4500001001000000003000900010005001700019007000300036008003400039040005400073041000900127072000800136100001900144245004100163650002600204650001700230650001300247650001100260650001200271650001200283773008400295909004000379942001800419999001900437952015100456BR0804023BR-BrBNA20231205112326.0ta230509b bl.|||p| |||| 00| 00por d aBR-BrBNAbporcBiblioteca Nacional de Agricultura a(Pt) aE141 aSilva, C.R. da1 aProduzir; o dragão da inflação aANÁLISE ECONÔMICA aINFLAÇÃO aPRODUTOR aINSUMO aPREÇO aDEMANDA0 tAgroanalysis (Brazil)xISSN 0100-4298g(Jan-2008), v. 28(1) p. 49-50wBR0804023 a202311bLúciac55dLúcia Elande 2AGRISn0cANA c197442d197442 002AGRIS4071a41918b41918cPeriódicos Agrícolash(Jan-2008), v. 28(1) p. 49-50l0r2023-11-29t01yCRePortaria Interministerial nº 164/94